Systematique (Record no. 9480)
[ view plain ]
| 000 -LEADER | |
|---|---|
| fixed length control field | 00224nam a22001217a 4500 |
| 040 ## - CATALOGING SOURCE | |
| Transcribing agency | SK |
| 082 ## - DEWEY DECIMAL CLASSIFICATION NUMBER | |
| Classification number | 230 |
| 100 ## - MAIN ENTRY--AUTHOR NAME | |
| Personal name | LIM PUY |
| 245 ## - TITLE STATEMENT | |
| Title | Systematique |
| 260 ## - PUBLICATION, DISTRIBUTION, ETC. (IMPRINT) | |
| Place of publication | Phnom Penh |
| Name of publisher | LIM |
| Year of publication | 1999 |
| 300 ## - PHYSICAL DESCRIPTION | |
| Number of Pages | 170p. |
| 942 ## - ADDED ENTRY ELEMENTS (KOHA) | |
| Koha item type | សៀវភៅភាសាអង់គ្លេស |
No items available.